[Event "CRO-chT3"]
[Site "Varazdin"]
[Date "2009.05.09"]
[Round "4"]
[White "Tamas, Milan"]
[Black "Maltar, Alberto"]
[Result "0-1"]
[WhiteElo "2180"]
[BlackElo "2123"]
[PlyCount "114"]
[EventDate "2009.04.04"]
[EventType "team-tourn"]
[EventRounds "9"]
[EventCountry "CRO"]
[SourceTitle "EXT 2011"]
[Source "ChessBase"]
[SourceDate "2010.11.26"]
[SourceVersion "1"]
[SourceVersionDate "2010.11.26"]
[SourceQuality "1"]

1. e4 c5 2. Nf3 e6 3. d4 cxd4 4. Nxd4 Nf6 5. Bd3 Nc6 6. Nxc6 bxc6 7. 0-0 e5 8. c4 Bc5 9. Nc3 0-0 10. Qe2 d6 11. Be3 Bxe3 12. Qxe3 Qb6 13. Qxb6 axb6 14. Rfd1 Rd8 15. Rd2 Kf8 16. Bf1 Ke7 17. Rad1 Ne8 18. b3 Nc7 19. Na4 Rb8 20. Nc3 Ne6 21. f3 Nd4 22. Ne2 Ne6 23. g3 Ng5 24. Bg2 f6 25. f4 Ne6 26. f5 Nc7 27. g4 Bb7 28. Nc3 b5 29. cxb5 Nxb5 30. Nxb5 cxb5 31. Rc1 Rbc8 32. Rdc2 Rxc2 33. Rxc2 Rc8 34. Rxc8 Bxc8 35. Bf1 b4 36. Kf2 Bb7 37. Ke3 d5 38. exd5 Bxd5 39. Be2 Kd6 40. Kd3 Kc5 41. Bd1 Bg2 42. Be2 Kd5 43. Ke3 Kc5 44. Ba6 Bh3 45. Be2 h5 46. Bf3 Bxg4 47. Be4 h4 48. Bd3 Bh3 49. Kf3 Kd4 50. Bb1 Kc3 51. Ke4 Bg2+ 52. Ke3 Kb2 53. Bd3 Kxa2 54. Bc4 Kb2 55. Kd3 Bf3 56. Be6 Bd1 57. Kc4 Ka3 0-1

[Event "CRO-chT3"]
[Site "Varazdin"]
[Date "2009.04.25"]
[Round "2"]
[White "Zeleznjak, Tihomir"]
[Black "Tamas, Milan"]
[Result "1-0"]
[WhiteElo "2107"]
[BlackElo "2180"]
[PlyCount "83"]
[EventDate "2009.04.04"]
[EventType "team-tourn"]
[EventRounds "9"]
[EventCountry "CRO"]
[SourceTitle "EXT 2011"]
[Source "ChessBase"]
[SourceDate "2010.11.26"]
[SourceVersion "1"]
[SourceVersionDate "2010.11.26"]
[SourceQuality "1"]

1. d4 d5 2. c4 Nc6 3. Nf3 Bg4 4. e3 e5 5. Qb3 Bb4+ 6. Bd2 Bxd2+ 7. Nbxd2 exd4 8. cxd5 dxe3 9. fxe3 Bxf3 10. Nxf3 Nce7 11. Bc4 Nh6 12. 0-0 0-0 13. Rad1 Qd6 14. e4 Ng6 15. Qc3 Ng4 16. h3 N4e5 17. Nd4 a6 18. Bb3 Rac8 19. Kh1 Ne7 20. Ne6 Rfe8 21. Nc5 Rb8 22. Rf2 N7g6 23. Rf5 Re7 24. Rdf1 f6 25. Qb4 Nd7 26. Nd3 Qxb4 27. Nxb4 Kh8 28. Rc1 Nb6 29. Rf2 Rxe4 30. Nd3 Rd4 31. Nc5 Ne5 32. Rfc2 Nxd5 33. Ne6 Rd3 34. Bxd5 Rxd5 35. Rxc7 Nc6 36. Nxg7 Rd2 37. Nh5 Rd6 38. Rf1 Re6 39. Rxf6 Re7 40. Rfxc6 Re1+ 41. Kh2 bxc6 42. Nf6 1-0

[Event "HUN-chT2 Charousek 0809"]
[Site "Hungary"]
[Date "2009.02.22"]
[Round "8"]
[White "Tamas, Milan"]
[Black "Sipos, Janos"]
[Result "0-1"]
[WhiteElo "2180"]
[BlackElo "2220"]
[PlyCount "90"]
[EventDate "2008.10.26"]
[EventType "team-tourn"]
[EventRounds "11"]
[EventCountry "HUN"]
[SourceTitle "EXT 2010"]
[Source "ChessBase"]
[SourceDate "2010.11.25"]
[SourceVersion "1"]
[SourceVersionDate "2010.11.25"]
[SourceQuality "1"]
[WhiteTeam "Haladas II"]
[BlackTeam "Aquaprofit II"]
[WhiteTeamCountry "HUN"]
[BlackTeamCountry "HUN"]

1. d4 d5 2. Nc3 f5 3. Bf4 Nf6 4. e3 e6 5. Nf3 a6 6. Be2 Be7 7. Ne5 Nbd7 8. 0-0 0-0 9. Nb1 Nxe5 10. Bxe5 b5 11. a4 b4 12. c4 Nd7 13. Bg3 a5 14. Nd2 g5 15. Be5 Nxe5 16. dxe5 Bb7 17. Qc2 c5 18. Rfd1 Qc7 19. f4 Rad8 20. Nf3 g4 21. Ne1 d4 22. exd4 Rxd4 23. Rxd4 cxd4 24. b3 h5 25. Bf1 Qc6 26. Be2 Rd8 27. Rd1 Bf8 28. Bf1 h4 29. Qf2 h3 30. Qg3 Rd7 31. gxh3 Rg7 32. Bg2 Qb6 33. h4 Rd7 34. Bxb7 Qxb7 35. Qg2 Qb6 36. Qf2 Be7 37. Rd3 Qd8 38. Ng2 Qa8 39. Rd1 Qe4 40. Re1 Qd3 41. Qg3 Qc3 42. Rb1 Bc5 43. Kh1 d3 44. Qe1 d2 45. Qd1 Qh3 0-1

[Event "HUN-chT2 Charousek 0809"]
[Site "Hungary"]
[Date "2008.11.02"]
[Round "2"]
[White "Miovecz, Janos"]
[Black "Tamas, Milan"]
[Result "0-1"]
[WhiteElo "2142"]
[BlackElo "2180"]
[PlyCount "112"]
[EventDate "2008.10.26"]
[EventType "team-tourn"]
[EventRounds "11"]
[EventCountry "HUN"]
[SourceTitle "EXT 2010"]
[Source "ChessBase"]
[SourceDate "2010.11.25"]
[SourceVersion "1"]
[SourceVersionDate "2010.11.25"]
[SourceQuality "1"]
[WhiteTeam "Szenna Pack"]
[BlackTeam "Haladas II"]
[WhiteTeamCountry "HUN"]
[BlackTeamCountry "HUN"]

1. e4 c5 2. Nf3 d6 3. d4 cxd4 4. Nxd4 Nf6 5. Nc3 a6 6. Be2 e5 7. Nb3 Be7 8. Be3 Be6 9. 0-0 0-0 10. Qd2 b5 11. f3 Nbd7 12. a4 b4 13. Nd5 Bxd5 14. exd5 Nb6 15. Qxb4 Nfxd5 16. Qd2 Nxe3 17. Qxe3 Qc7 18. Bd3 d5 19. Qe2 a5 20. Rfe1 Bd6 21. Nd2 f5 22. Nf1 Nd7 23. Bb5 Nf6 24. c3 Kh8 25. Rad1 Rad8 26. Kh1 e4 27. h3 Nh5 28. fxe4 Nf4 29. Qc2 dxe4 30. Ne3 Nh5 31. g4 fxg4 32. hxg4 Ng3+ 33. Kg2 Rf3 34. Nd5 Qf7 35. Bc4 Rf8 36. Rd2 Qg6 37. Ne3 Bf4 38. Rf2 Bxe3 39. Rxe3 Qxg4 40. Rfxf3 exf3+ 41. Kf2 Nh1+ 42. Kf1 Qxc4+ 43. Qd3 Qxd3+ 44. Rxd3 Ng3+ 45. Kf2 Ne4+ 46. Kf1 f2 47. b4 axb4 48. cxb4 g5 49. a5 Rc8 50. Rd1 Rc2 51. Kg2 Re2 52. Rf1 Rb2 53. a6 Rxb4 54. Ra1 Rb8 55. a7 Ra8 56. Kf3 f1Q+ 0-1

[Event "HUN-chT2 Charousek 0809"]
[Site "Hungary"]
[Date "2008.10.26"]
[Round "1"]
[White "Tamas, Milan"]
[Black "Karsa, Laszlo"]
[Result "1/2-1/2"]
[WhiteElo "2180"]
[BlackElo "2340"]
[PlyCount "56"]
[EventDate "2008.10.26"]
[EventType "team-tourn"]
[EventRounds "11"]
[EventCountry "HUN"]
[SourceTitle "EXT 2010"]
[Source "ChessBase"]
[SourceDate "2010.11.25"]
[SourceVersion "1"]
[SourceVersionDate "2010.11.25"]
[SourceQuality "1"]
[WhiteTeam "Haladas II"]
[BlackTeam "Pannonpower"]
[WhiteTeamCountry "HUN"]
[BlackTeamCountry "HUN"]

1. d4 Nf6 2. Nc3 d5 3. Bg5 c6 4. Nf3 h6 5. Bh4 Bf5 6. e3 Nbd7 7. Bd3 e6 8. a3 Be7 9. 0-0 0-0 10. Qe2 Re8 11. Bxf6 Bxf6 12. h3 Bxd3 13. cxd3 c5 14. dxc5 Bxc3 15. c6 Bf6 16. cxd7 Qxd7 17. d4 Rac8 18. Rfc1 Rc6 19. Qd2 Rec8 20. Ne1 Be7 21. Nd3 Bd6 22. Rxc6 Rxc6 23. Rc1 Qc7 24. Rxc6 Qxc6 25. Qc1 Qc4 26. Qd2 a5 27. Ne1 b6 28. Nd3 g6 1/2-1/2

[Event "HUN-chT 0708"]
[Site "Hungary"]
[Date "2008.04.27"]
[Round "10"]
[White "Tamas, Milan"]
[Black "Danner, Georg"]
[Result "0-1"]
[WhiteElo "2141"]
[BlackElo "2434"]
[PlyCount "108"]
[EventDate "2007.10.14"]
[EventType "team"]
[EventRounds "11"]
[EventCountry "HUN"]
[SourceTitle "EXT 2009"]
[Source "ChessBase"]
[SourceDate "2008.11.26"]
[SourceVersion "1"]
[SourceVersionDate "2008.11.26"]
[SourceQuality "1"]
[WhiteTeam "Haladas"]
[BlackTeam "Statisztika"]
[WhiteTeamCountry "HUN"]
[BlackTeamCountry "HUN"]

1. e4 c5 2. Nf3 Nc6 3. d4 cxd4 4. Nxd4 Nf6 5. Nc3 d6 6. Bg5 e6 7. Bb5 Bd7 8. Bxc6 bxc6 9. Qf3 Qb6 10. 0-0-0 Be7 11. Nb3 c5 12. e5 Bc6 13. Qe2 dxe5 14. Qxe5 0-0 15. f3 Nd7 16. Qg3 Bxg5+ 17. Qxg5 Rab8 18. Qf4 Qb4 19. Qxb4 cxb4 20. Ne4 Rfc8 21. Rhe1 Bd5 22. Kb1 Rb6 23. Rd4 h6 24. Nf2 Kh7 25. Nd3 Rc4 26. Rxc4 Bxc4 27. Ne5 Nxe5 28. Rxe5 Bd5 29. Re3 g5 30. Nc5 Kg6 31. c3 bxc3 32. Rxc3 h5 33. Ra3 Rb5 34. Na4 Ra5 35. Kc2 Bc6 36. Kb3 g4 37. fxg4 hxg4 38. Kb4 Rb5+ 39. Kc4 a5 40. Nc3 Rxb2 41. Rxa5 Rxg2 42. Rc5 Bf3 43. Rc8 Rxh2 44. Kd4 Kf5 45. Ke3 Rh3 46. Kf2 Bb7 47. Rc5+ e5 48. Ne2 Rf3+ 49. Kg1 Ra3 50. Rc7 Bf3 51. Nc3 f6 52. Kf2 Kf4 53. Rc4+ Kg5 54. Rc8 f5 0-1

[Event "HUN-chT2 Szechenyi 0607"]
[Site "Hungary"]
[Date "2007.04.15"]
[Round "8"]
[White "Tamas, Milan"]
[Black "Gyurkovics, Bence"]
[Result "1/2-1/2"]
[WhiteElo "2078"]
[BlackElo "2095"]
[PlyCount "48"]
[EventDate "2006.11.12"]
[EventType "team"]
[EventRounds "11"]
[EventCountry "HUN"]
[SourceTitle "EXT 2008"]
[Source "ChessBase"]
[SourceDate "2007.11.25"]
[SourceVersion "1"]
[SourceVersionDate "2007.11.25"]
[SourceQuality "1"]
[WhiteTeam "Haladas II"]
[BlackTeam "Gyor Komszomol"]
[WhiteTeamCountry "HUN"]
[BlackTeamCountry "HUN"]

1. e4 c6 2. d4 d5 3. Nc3 dxe4 4. Nxe4 Bf5 5. Ng3 Bg6 6. h4 h6 7. Nf3 Nd7 8. h5 Bh7 9. Bd3 Bxd3 10. Qxd3 e6 11. Bd2 Qc7 12. 0-0-0 Ngf6 13. Ne4 0-0-0 14. Qe2 Nxe4 15. Qxe4 Nf6 16. Qe2 c5 17. Rh4 c4 18. Ne5 b5 19. Qf3 Rd5 20. c3 Bd6 21. Ng4 Nxg4 22. Qxg4 f5 23. Qg6 Qd7 24. f4 Rf8 1/2-1/2

[Event "San Agustin op 12th"]
[Site "Aviles"]
[Date "2007.??.??"]
[Round "2"]
[White "Arias Garcia, David"]
[Black "Tamas, Milan"]
[Result "0-1"]
[WhiteElo "1912"]
[BlackElo "2157"]
[PlyCount "138"]
[EventDate "2007.08.04"]
[EventType "swiss"]
[EventRounds "9"]
[EventCountry "ESP"]
[SourceTitle "CBM 119 Extra"]
[Source "ChessBase"]
[SourceDate "2007.09.04"]
[SourceVersion "1"]
[SourceVersionDate "2007.09.04"]
[SourceQuality "1"]

1. d4 d5 2. c4 Nc6 3. cxd5 Qxd5 4. Nf3 e5 5. Nc3 Bb4 6. Bd2 Bxc3 7. Bxc3 e4 8. Ne5 Nge7 9. e3 Nxe5 10. dxe5 0-0 11. Be2 Bf5 12. 0-0 Qe6 13. f4 exf3 14. Bxf3 Qb6 15. Qe2 Rad8 16. Rad1 Be6 17. b3 Nf5 18. Kf2 Rfe8 19. Be4 Ne7 20. Rxd8 Rxd8 21. Rd1 c6 22. Rxd8+ Qxd8 23. Qd3 Qxd3 24. Bxd3 Bf5 25. Bc4 b6 26. Bb4 c5 27. Bc3 Nc6 28. a3 Be6 29. Bb5 Ne7 30. b4 Nd5 31. Bd2 Nc7 32. Be2 c4 33. a4 a6 34. e4 b5 35. a5 Kf8 36. Ke3 Bc8 37. Bc3 Ke7 38. Bb2 g6 39. Bc3 h5 40. Bb2 Ne6 41. h4 Nd8 42. Bc3 Nc6 43. Kf4 Bd7 44. g3 Bh3 45. Bf3 Ke6 46. Be2 Bg2 47. Bd1 Bh3 48. Bf3 Bg4 49. Bg2 Ne7 50. Bh1 Ng8 51. Kg5 Bh3 52. Bf3 Bf1 53. g4 Ne7 54. gxh5 gxh5 55. Bxh5 Bh3 56. Bg4+ Bxg4 57. Kxg4 Ng6 58. h5 Nxe5+ 59. Kg5 f6+ 60. Kf4 Nf7 61. Bd4 Nh6 62. Bc3 Nf7 63. Ba1 Nh6 64. e5 f5 65. Kg5 Nf7+ 66. Kg6 f4 67. h6 f3 68. Bd4 c3 69. h7 c2 0-1

[Event "San Agustin op 12th"]
[Site "Aviles"]
[Date "2007.??.??"]
[Round "9"]
[White "Ignacz, Rozsa"]
[Black "Tamas, Milan"]
[Result "0-1"]
[WhiteElo "2074"]
[BlackElo "2157"]
[PlyCount "60"]
[EventDate "2007.08.04"]
[EventType "swiss"]
[EventRounds "9"]
[EventCountry "ESP"]
[SourceTitle "CBM 119 Extra"]
[Source "ChessBase"]
[SourceDate "2007.09.04"]
[SourceVersion "1"]
[SourceVersionDate "2007.09.04"]
[SourceQuality "1"]

1. c4 e5 2. d3 Nf6 3. g3 d5 4. Bg2 Nc6 5. cxd5 Nxd5 6. Nf3 Be7 7. a3 0-0 8. 0-0 Nb6 9. Nc3 Be6 10. b4 a5 11. b5 Nd4 12. Rb1 Nxf3+ 13. Bxf3 Rb8 14. Qc2 f5 15. Bb2 Bd6 16. Bg2 Qe8 17. Rfd1 Qh5 18. Bc1 Kh8 19. Rf1 g5 20. h3 Rf6 21. Qd2 Rg8 22. d4 Rh6 23. dxe5 Bxe5 24. Rd1 Qf7 25. e4 f4 26. g4 f3 27. Bf1 Bxg4 28. Bb2 Qf4 29. Qxf4 gxf4 30. Kh2 Bxh3 0-1

[Event "San Agustin op 12th"]
[Site "Aviles"]
[Date "2007.??.??"]
[Round "6"]
[White "Tamas, Milan"]
[Black "Bednay, Bence"]
[Result "1/2-1/2"]
[WhiteElo "2157"]
[BlackElo "2277"]
[PlyCount "56"]
[EventDate "2007.08.04"]
[EventType "swiss"]
[EventRounds "9"]
[EventCountry "ESP"]
[SourceTitle "CBM 119 Extra"]
[Source "ChessBase"]
[SourceDate "2007.09.04"]
[SourceVersion "1"]
[SourceVersionDate "2007.09.04"]
[SourceQuality "1"]

1. e4 c5 2. Nf3 Nc6 3. d4 cxd4 4. Nxd4 Nf6 5. Nc3 e5 6. Ndb5 d6 7. Bg5 a6 8. Na3 b5 9. Nd5 Be7 10. Bxf6 Bxf6 11. c3 Bg5 12. Nc2 0-0 13. a4 bxa4 14. Rxa4 a5 15. Bc4 Rb8 16. b3 Kh8 17. 0-0 f5 18. exf5 Bxf5 19. Nce3 Bg6 20. Bd3 Bxd3 21. Qxd3 Bxe3 22. fxe3 Rxf1+ 23. Qxf1 Rxb3 24. Rc4 Rb5 25. Nc7 Rb6 26. Nd5 Rb5 27. Nc7 Rb6 28. Nd5 Rb5 1/2-1/2

[Event "HUN-chT 0607"]
[Site "Hungary"]
[Date "2006.11.26"]
[Round "2"]
[White "Szabo, Bence"]
[Black "Tamas, Milan"]
[Result "0-1"]
[WhiteElo "2102"]
[BlackElo "2146"]
[PlyCount "78"]
[EventDate "2006.11.12"]
[EventType "team"]
[EventRounds "11"]
[EventCountry "HUN"]
[SourceTitle "EXT 2008"]
[Source "ChessBase"]
[SourceDate "2007.11.25"]
[SourceVersion "1"]
[SourceVersionDate "2007.11.25"]
[SourceQuality "1"]
[WhiteTeam "Honved"]
[BlackTeam "Haladas"]
[WhiteTeamCountry "HUN"]
[BlackTeamCountry "HUN"]

1. d4 d5 2. c4 e6 3. Nf3 Nf6 4. Nc3 c6 5. e3 Be7 6. Bd3 0-0 7. 0-0 Nbd7 8. e4 dxe4 9. Nxe4 Nxe4 10. Bxe4 Nf6 11. Bc2 b6 12. b3 Bb7 13. Be3 Qc7 14. h3 c5 15. Qe2 Rfd8 16. Rad1 Qc6 17. Rfe1 cxd4 18. Bxd4 Rac8 19. Qf1 Ba8 20. Be3 Rxd1 21. Rxd1 Rd8 22. Rxd8+ Bxd8 23. Qd3 Bc7 24. Ne1 h6 25. Qd2 Ne4 26. Qd3 Nf6 27. Qd4 e5 28. Qd3 Ne4 29. Qd1 f5 30. Qh5 Qe6 31. Nf3 Bd8 32. Nh4 Bxh4 33. Qxh4 g5 34. Qh5 Kg7 35. Qd1 Qc6 36. f3 Nd6 37. Bf2 e4 38. Qd4+ Kg6 39. Qh8 exf3 0-1

[Event "Balazs Diak Cup U18 2nd"]
[Site "Balatonlelle"]
[Date "2006.07.08"]
[Round "8"]
[White "Bednay, Bence"]
[Black "Tamas, Milan"]
[Result "1/2-1/2"]
[WhiteElo "2169"]
[BlackElo "2043"]
[PlyCount "113"]
[EventDate "2006.07.01"]
[EventType "swiss"]
[EventRounds "9"]
[EventCountry "HUN"]
[SourceTitle "CBM 113 Extra"]
[Source "ChessBase"]
[SourceDate "2006.09.14"]
[SourceVersion "1"]
[SourceVersionDate "2006.09.14"]
[SourceQuality "1"]

1. e4 c5 2. Nf3 d6 3. d4 Nf6 4. dxc5 Qa5+ 5. Bd2 Qxc5 6. Bd3 e6 7. c4 Be7 8. Nc3 a6 9. 0-0 Nbd7 10. Be3 Qc7 11. Nd4 Ne5 12. f3 Nxd3 13. Qxd3 b6 14. Rac1 Bb7 15. b4 Rc8 16. Rfd1 0-0 17. Na4 Nd7 18. Qe2 Qb8 19. Nb3 Bc6 20. Nb2 Bd8 21. Qd2 Bc7 22. Bf4 Ne5 23. Bxe5 dxe5 24. a3 f5 25. Qe2 Qb7 26. Nd2 Rcd8 27. Nd3 Rfe8 28. Rc3 Rd4 29. Nf2 Red8 30. Rd3 Rxd3 31. Nxd3 Rd4 32. Nf2 Qa8 33. Rc1 Qd8 34. Nb3 Rd7 35. b5 axb5 36. cxb5 Bb7 37. a4 g6 38. Qc4 Kf7 39. Qc2 Kf6 40. Kf1 Bd6 41. Ke2 Qa8 42. Qa2 fxe4 43. Nd2 exf3+ 44. gxf3 Bd5 45. Nde4+ Ke7 46. Qd2 Bc5 47. Qg5+ Kf7 48. Qf6+ Kg8 49. Qxe5 Qxa4 50. Nf6+ Kf7 51. Nxd7 Qa2+ 52. Kd3 Qb3+ 53. Qc3 Qxb5+ 54. Kc2 Qa4+ 55. Kd3 Qb5+ 56. Kd2 Qa4 57. Kd3 1/2-1/2

[Event "Balazs Diak Cup U18 2nd"]
[Site "Balatonlelle"]
[Date "2006.07.06"]
[Round "6"]
[White "Miovecz, Adam"]
[Black "Tamas, Milan"]
[Result "0-1"]
[WhiteElo "1698"]
[BlackElo "2043"]
[PlyCount "130"]
[EventDate "2006.07.01"]
[EventType "swiss"]
[EventRounds "9"]
[EventCountry "HUN"]
[SourceTitle "CBM 113 Extra"]
[Source "ChessBase"]
[SourceDate "2006.09.14"]
[SourceVersion "1"]
[SourceVersionDate "2006.09.14"]
[SourceQuality "1"]

1. d4 d5 2. c4 Nc6 3. Nf3 Bg4 4. e3 e5 5. Be2 Bb4+ 6. Bd2 Bxd2+ 7. Qxd2 e4 8. Ng1 Be6 9. cxd5 Bxd5 10. Nc3 Nge7 11. Bb5 a6 12. Ba4 0-0 13. Nge2 f5 14. 0-0 Qd6 15. Nxd5 Nxd5 16. Bb3 Nce7 17. f3 exf3 18. gxf3 Kh8 19. Kh1 Qh6 20. f4 Nf6 21. Ng3 Rae8 22. Rac1 c6 23. Rfe1 Ng4 24. Re2 Qh3 25. Qe1 Ng6 26. Rcc2 Re7 27. Bc4 Nh4 28. Qf1 Qxf1+ 29. Nxf1 Rfe8 30. Rc3 Ng6 31. h3 Nf6 32. Ng3 Ne4 33. Nxe4 Rxe4 34. d5 cxd5 35. Bxd5 Nxf4 36. Rd2 Nxd5 37. Rxd5 g6 38. Rdd3 R8e7 39. Kg2 f4 40. exf4 Re2+ 41. Kg3 Rxb2 42. a3 Kg7 43. Rd6 Rbe2 44. Rdd3 Re1 45. Kf2 Kf6 46. Rb3 Kf5 47. Rf3 R7e2+ 48. Kg3 Rg1+ 49. Kh4 Re7 50. Rg3 Rf1 51. Rg5+ Kf6 52. Rb6+ Re6 53. Rxe6+ Kxe6 54. Re5+ Kf6 55. Kg3 Rb1 56. Re3 Rb5 57. Rd3 Rb6 58. Kg4 h6 59. h4 Rc6 60. Rb3 b5 61. Rb4 Rc4 62. Rb3 g5 63. hxg5+ hxg5 64. Rh3 Rxf4+ 65. Kg3 Rh4 0-1

[Event "HUN-chT2 Szechenyi 0506"]
[Site "Hungary"]
[Date "2006.04.09"]
[Round "10"]
[White "Kovacs, Dezso"]
[Black "Tamas, Milan"]
[Result "1/2-1/2"]
[WhiteElo "2012"]
[BlackElo "2036"]
[PlyCount "134"]
[EventDate "2005.10.16"]
[EventType "team"]
[EventRounds "11"]
[EventCountry "HUN"]
[SourceTitle "EXT 2009"]
[Source "ChessBase"]
[SourceDate "2008.11.26"]
[SourceVersion "1"]
[SourceVersionDate "2008.11.26"]
[SourceQuality "1"]
[WhiteTeam "Lovo"]
[BlackTeam "HVSE Infraplan II"]
[WhiteTeamCountry "HUN"]
[BlackTeamCountry "HUN"]

1. c4 c5 2. Nc3 b6 3. g3 Bb7 4. e4 e6 5. Bg2 a6 6. Nge2 Qc7 7. d3 g6 8. Bf4 d6 9. Rb1 Bg7 10. 0-0 Nc6 11. a3 Nd4 12. b4 Bc6 13. a4 Ne7 14. b5 axb5 15. Nxd4 Bxd4 16. Nxb5 Bxb5 17. axb5 Ra7 18. Bh6 Kd7 19. Qf3 f5 20. Rbe1 Ra2 21. Bh3 Bc3 22. Re2 Rxe2 23. Qxe2 Re8 24. Rc1 Bf6 25. Rc2 Ra8 26. exf5 Nxf5 27. Bxf5 exf5 28. Qf3 Re8 29. Kg2 Bd4 30. Bg5 Bg7 31. Ra2 h6 32. Be3 Rb8 33. Qd5 Ke7 34. h4 Kf6 35. Bd2 Ke7 36. h5 Qb7 37. Qxb7+ Rxb7 38. hxg6 Kf6 39. Bf4 Kxg6 40. Ra8 Be5 41. Rg8+ Kf7 42. Ra8 Bxf4 43. gxf4 d5 44. Rh8 Kg7 45. Rd8 dxc4 46. dxc4 Re7 47. Rd6 Re4 48. Kg3 Rxc4 49. Rxb6 Rb4 50. Rb7+ Kg6 51. b6 c4 52. Rb8 c3 53. b7 c2 54. Rc8 Rxb7 55. Rxc2 Kh5 56. f3 Rb6 57. Rc5 Kg6 58. Rc3 Rf6 59. Rc7 Rd6 60. Rc3 Kf6 61. Re3 Rd1 62. Ra3 h5 63. Ra6+ Ke7 64. Rh6 Rh1 65. Kg2 Rh4 66. Kg3 Rh1 67. Kg2 Rh4 1/2-1/2

[Event "HUN-chT2 Szechenyi 0405"]
[Site "Hungary"]
[Date "2005.04.24"]
[Round "11"]
[White "Tamas, Milan"]
[Black "Tako, Helga"]
[Result "0-1"]
[WhiteElo "1991"]
[BlackElo "2046"]
[PlyCount "84"]
[EventDate "2004.09.26"]
[EventType "team"]
[EventRounds "11"]
[EventCountry "HUN"]
[SourceTitle "EXT 2009"]
[Source "ChessBase"]
[SourceDate "2008.11.26"]
[SourceVersion "1"]
[SourceVersionDate "2008.11.26"]
[SourceQuality "1"]
[WhiteTeam "Haladas II"]
[BlackTeam "Arboretum"]
[WhiteTeamCountry "HUN"]
[BlackTeamCountry "HUN"]

1. d4 d5 2. Nc3 Nf6 3. Bg5 e6 4. e4 dxe4 5. Bxf6 Qxf6 6. Nxe4 Qd8 7. Nf3 Nd7 8. Bd3 Be7 9. Qe2 0-0 10. 0-0-0 b6 11. g4 Bb7 12. h4 Nf6 13. Nxf6+ Bxf6 14. g5 Bxf3 15. Qxf3 Be7 16. Qe4 g6 17. f4 Qd5 18. Qe2 Qxa2 19. h5 Kg7 20. hxg6 Qa1+ 21. Kd2 Qa5+ 22. c3 hxg6 23. Be4 Rad8 24. Ra1 Rxd4+ 25. Kc2 Rxe4 26. Qxe4 Qf5 27. Qxf5 exf5 28. Rxa7 Bd6 29. Rh4 Re8 30. Ra4 Re2+ 31. Kb3 Rf2 32. Ra8 Bxf4 33. Rah8 Bxg5 34. R4h7+ Kf6 35. Rf8 Ke5 36. Rfxf7 c5 37. Rhg7 Bc1 38. Rxg6 b5 39. Rc6 Rxb2+ 40. Ka3 Kd5 41. Rcc7 Kc4 42. Rf6 Rc2# 0-1

[Event "HUN-chT2 Szechenyi 0405"]
[Site "Hungary"]
[Date "2005.04.10"]
[Round "10"]
[White "Horvath, Gabor2222"]
[Black "Tamas, Milan"]
[Result "1/2-1/2"]
[WhiteElo "2235"]
[BlackElo "1991"]
[PlyCount "59"]
[EventDate "2004.09.26"]
[EventType "team"]
[EventRounds "11"]
[EventCountry "HUN"]
[SourceTitle "EXT 2009"]
[Source "ChessBase"]
[SourceDate "2008.11.26"]
[SourceVersion "1"]
[SourceVersionDate "2008.11.26"]
[SourceQuality "1"]
[WhiteTeam "Flesch"]
[BlackTeam "Haladas II"]
[WhiteTeamCountry "HUN"]
[BlackTeamCountry "HUN"]

1. d4 d5 2. Nc3 Nf6 3. Bg5 Nbd7 4. Nf3 g6 5. Qd3 Bg7 6. e4 dxe4 7. Nxe4 Nxe4 8. Qxe4 Nf6 9. Bxf6 Bxf6 10. Bc4 0-0 11. c3 c6 12. 0-0 Qb6 13. b4 a5 14. a3 Bf5 15. Qf4 axb4 16. axb4 Ra7 17. Rxa7 Qxa7 18. Re1 Qa3 19. Qd2 b6 20. Ne5 Qa4 21. Qb2 Bxe5 22. Rxe5 Ra8 23. h3 Qa1+ 24. Qxa1 Rxa1+ 25. Kh2 Kf8 26. Kg3 Bc8 27. Be2 Re1 28. Bf3 Rxe5 29. dxe5 Bd7 30. Kf4 1/2-1/2

[Event "HUN-chT U20"]
[Site "Budapest"]
[Date "2004.12.30"]
[Round "6"]
[White "Tamas, Milan"]
[Black "Papp, Tamas"]
[Result "0-1"]
[WhiteElo "1991"]
[BlackElo "2171"]
[PlyCount "67"]
[EventDate "2004.12.27"]
[EventType "team"]
[EventRounds "7"]
[EventCountry "HUN"]
[SourceTitle "EXT 2008"]
[Source "ChessBase"]
[SourceDate "2007.11.25"]
[SourceVersion "1"]
[SourceVersionDate "2007.11.25"]
[SourceQuality "1"]

1. e4 c5 2. Nf3 e6 3. d4 cxd4 4. Nxd4 a6 5. Bd3 Bc5 6. Nb3 Be7 7. Qg4 Bf6 8. 0-0 d6 9. c4 Nd7 10. f4 b6 11. Nc3 Ne7 12. Be3 Bb7 13. Rac1 g6 14. Nd2 Rc8 15. Qe2 0-0 16. Bb1 Nc6 17. Rfd1 Qe7 18. b3 Rfd8 19. Nf3 Bg7 20. Na4 Rb8 21. Nxb6 Nc5 22. Bxc5 dxc5 23. e5 f6 24. Na4 fxe5 25. fxe5 Nd4 26. Nxd4 cxd4 27. Be4 Bh6 28. Bxb7 Bxc1 29. Rxc1 Rxb7 30. c5 d3 31. Qe3 Rc7 32. c6 d2 33. Rd1 Qb4 34. Qb6 0-1

[Event "HUN-chT U20"]
[Site "Budapest"]
[Date "2004.12.30"]
[Round "7"]
[White "Tamas, Milan"]
[Black "Simon, Krisztina"]
[Result "1-0"]
[WhiteElo "1956"]
[BlackElo "1844"]
[PlyCount "45"]
[EventDate "2004.12.27"]
[EventType "team"]
[EventRounds "7"]
[EventCountry "HUN"]
[SourceTitle "EXT 2008"]
[Source "ChessBase"]
[SourceDate "2007.11.25"]
[SourceVersion "1"]
[SourceVersionDate "2007.11.25"]
[SourceQuality "1"]

1. e4 e6 2. d4 d5 3. Nd2 Be7 4. Ngf3 dxe4 5. Nxe4 Nf6 6. Ng3 Nbd7 7. Bc4 Nb6 8. Bb3 0-0 9. Qe2 Nfd5 10. 0-0 Re8 11. a3 Bf8 12. c4 Nf6 13. Bg5 g6 14. Ne4 Bg7 15. Rfd1 c6 16. Ne5 h6 17. Nxf6+ Bxf6 18. Bxh6 Bg7 19. Qe3 Qf6 20. Rd3 Nd7 21. Ng4 Qe7 22. Bxg7 Kxg7 23. Qh6+ 1-0

[Event "HUN-chT U20"]
[Site "Budapest"]
[Date "2004.12.29"]
[Round "4"]
[White "Tamas, Milan"]
[Black "Bakos, Levente"]
[Result "1-0"]
[WhiteElo "1991"]
[BlackElo "1920"]
[PlyCount "115"]
[EventDate "2004.12.27"]
[EventType "team"]
[EventRounds "7"]
[EventCountry "HUN"]
[SourceTitle "EXT 2008"]
[Source "ChessBase"]
[SourceDate "2007.11.25"]
[SourceVersion "1"]
[SourceVersionDate "2007.11.25"]
[SourceQuality "1"]

1. e4 e5 2. Nf3 Nc6 3. Bc4 Nf6 4. Ng5 d5 5. exd5 b5 6. Bf1 Nxd5 7. Bxb5 Bd7 8. d3 Be7 9. Nf3 0-0 10. 0-0 Rb8 11. Bxc6 Bxc6 12. Nxe5 Ba8 13. c3 Bd6 14. d4 Qe7 15. Re1 Rfe8 16. Nd2 Qf6 17. Ndf3 Nb6 18. b3 Re6 19. Bg5 Bxf3 20. Nxf3 Qf5 21. Rxe6 fxe6 22. c4 c5 23. Be3 Rf8 24. dxc5 Bxc5 25. Bxc5 Qxc5 26. Qd4 Qh5 27. Re1 Qa5 28. Qd2 Qf5 29. Nd4 Rd8 30. Qe3 Qf7 31. h3 h6 32. Nb5 Rf8 33. Qxe6 Rd8 34. Qxf7+ Kxf7 35. Re2 Rd7 36. f3 a5 37. Nc3 a4 38. Nxa4 Nxa4 39. bxa4 Ra7 40. Kf2 Rxa4 41. Rc2 Ke6 42. Ke3 Kd6 43. Kd4 Rb4 44. f4 Ra4 45. Ke4 Kc5 46. Kf5 Ra6 47. g4 Rf6+ 48. Ke4 Re6+ 49. Kf3 Rf6 50. Kg3 g6 51. h4 Rd6 52. f5 Rd3+ 53. Kf4 Rd4+ 54. Ke5 Rxg4 55. f6 Rxh4 56. f7 Rh5+ 57. Kf6 Rf5+ 58. Kg7 1-0